[Event "Tournoi Skype 027A"]
[Site "Skype"]
[Date "????.??.??"]
[Round "6.25"]
[White "Mulrooney, Justin"]
[Black "Aceituno, Stebe"]
[Result "1-0"]
[WhiteElo "1635"]
[BlackElo "1590"]
[PlyCount "51"]

1. e4 c5 2. Nc3 Nc6 3. Bc4 e6 4. d3 a6 5. a3 Nf6 6. f4 Be7 7. Nf3 d6 8. O-O O-O
9. Qe1 Nd4 10. Nxd4 cxd4 11. Ne2 e5 12. c3 dxc3 13. bxc3 b5 14. Bb3 Bb7 15. Qg3
exf4 16. Nxf4 Rc8 17. Bd2 Nd7 18. Nh5 g6 19. Bh6 Bh4 20. Qf4 Ne5 21. Bxf8 Kxf8
22. Qh6+ Ke7 23. d4 Bg5 24. Qxg5+ Kf8 25. Qh6+ Kg8 26. Qg7# 1-0

[Event "Tournoi Skype 027A"]
[Site "Skype"]
[Date "????.??.??"]
[Round "6.26"]
[White "Sauvaget, Joel"]
[Black "Yeter, Orhan"]
[Result "1/2-1/2"]
[WhiteElo "1467"]
[BlackElo "1632"]
[PlyCount "33"]

1. d4 Nf6 2. c4 e6 3. Nf3 d5 4. e3 c5 5. a3 cxd4 6. Nxd4 Be7 7. Be2 O-O 8. O-O
Nc6 9. Nxc6 bxc6 10. Nd2 Bb7 11. Nf3 Rc8 12. Bd2 c5 13. Bc3 dxc4 14. Bxc4 Qxd1
15. Raxd1 Rfd8 16. Be2 Rxd1 17. Rxd1 1/2-1/2

[Event "Tournoi Skype 027A"]
[Site "Skype"]
[Date "????.??.??"]
[Round "6.27"]
[White "Perrone, Gabriel Lorenzo"]
[Black "Trivedi, Viral"]
[Result "1/2-1/2"]
[WhiteElo "1628"]
[BlackElo "1535"]
[PlyCount "32"]

1. d4 d5 2. c4 c6 3. Nf3 Bf5 4. Nc3 e6 5. g3 Nd7 6. Bg2 Be7 7. O-O Ngf6 8. Bg5
Qb6 9. Na4 Qc7 10. Rc1 h6 11. Bf4 Qd8 12. Ne5 Nf8 13. cxd5 Nxd5 14. Bd2 Bh7 15.
Nc3 Ng6 16. Nf3 Qb6 1/2-1/2

[Event "Tournoi Skype 027A"]
[Site "Skype"]
[Date "????.??.??"]
[Round "6.28"]
[White "Rajpurohit, Dinesh"]
[Black "Kruzeniski, Randy"]
[Result "1-0"]
[WhiteElo "1613"]
[BlackElo "1509"]
[PlyCount "51"]

1. d4 d5 2. c4 e6 3. Nc3 Nf6 4. cxd5 exd5 5. e3 c6 6. Bd3 Be6 7. Nge2 g6 8. O-O
Bg7 9. Ng3 Nbd7 10. e4 dxe4 11. Ncxe4 Nxe4 12. Nxe4 Qc7 13. Be3 O-O 14. Qd2 b5
15. Bh6 f6 16. Bxg7 Kxg7 17. Rac1 Bd5 18. Rfe1 Bxa2 19. Bxb5 Be6 20. Rxc6 Qb7
21. Nd6 Qb8 22. Rxe6 g5 23. Re7+ Kg6 24. Bd3+ f5 25. Nxf5+ Nf6 26. Ng3+ 1-0

[Event "Tournoi Skype 027A"]
[Site "Skype"]
[Date "????.??.??"]
[Round "6.29"]
[White "Lucena Vaz, Jose"]
[Black "Couto, Januario"]
[Result "1/2-1/2"]
[WhiteElo "1527"]
[BlackElo "1612"]
[PlyCount "27"]

1. e4 d5 2. exd5 Qxd5 3. Nf3 c6 4. d4 Nf6 5. Bd2 Bg4 6. Be2 e6 7. Nc3 Qd8 8.
O-O Be7 9. Re1 O-O 10. h3 Bxf3 11. Bxf3 Nd5 12. Ne4 Nd7 13. c4 N5f6 14. Nc3
1/2-1/2

[Event "Tournoi Skype 027A"]
[Site "Skype"]
[Date "????.??.??"]
[Round "6.30"]
[White "Mantelli, Luca"]
[Black "Le Brun, Yves"]
[Result "0-1"]
[WhiteElo "1388"]
[BlackElo "1611"]
[PlyCount "52"]

1. e4 c6 2. Nf3 d5 3. Nc3 dxe4 4. Nxe4 e6 5. d4 Nf6 6. Bg5 Be7 7. Bd3 Nxe4 8.
Bxe7 Qxe7 9. Bxe4 Nd7 10. c3 Nf6 11. Bc2 b6 12. O-O O-O 13. Qd3 Bb7 14. Ng5 g6
15. Rfe1 Nd5 16. Nf3 Rad8 17. Rac1 c5 18. Ne5 Nf4 19. Qd2 Qg5 20. f3 Nh3+ 21.
Kh1 Qxd2 22. gxh3 cxd4 23. cxd4 Qxd4 24. Be4 Bxe4 25. Rxe4 Qxb2 26. Rc7 Rd1+
0-1

[Event "Tournoi Skype 027A"]
[Site "Skype"]
[Date "????.??.??"]
[Round "6.31"]
[White "Aranzubia, Desiderio"]
[Black "Gadow, Martin"]
[Result "1/2-1/2"]
[WhiteElo "1602"]
[BlackElo "1530"]
[PlyCount "43"]

1. d4 Nf6 2. c4 e6 3. Nf3 d5 4. Nc3 Be7 5. Bf4 Bd6 6. Bg5 Nbd7 7. cxd5 h6 8.
Bh4 Be7 9. dxe6 fxe6 10. e3 Nb6 11. Bd3 O-O 12. O-O Nfd7 13. Bg3 Nd5 14. Qb3 c6
15. e4 Nc7 16. Ne2 Nb6 17. Nf4 Rf6 18. Rad1 Qf8 19. e5 Rxf4 20. Qc2 Rxf3 21.
gxf3 Qxf3 22. Be4 1/2-1/2

[Event "Tournoi Skype 027A"]
[Site "Skype"]
[Date "????.??.??"]
[Round "6.32"]
[White "Vello, Pablo"]
[Black "Yardimci, Ertan"]
[Result "1-0"]
[WhiteElo "1527"]
[BlackElo "1591"]
[PlyCount "39"]

1. d4 Nf6 2. Nc3 d5 3. Bf4 c6 4. Qd2 Bf5 5. f3 e6 6. g4 Bg6 7. h4 h6 8. O-O-O
Bd6 9. Nh3 Qc7 10. Bxd6 Qxd6 11. e3 Qg3 12. Qf2 Qxf2 13. Nxf2 Bh7 14. Bd3 Nbd7
15. g5 hxg5 16. hxg5 Bxd3 17. Rxh8+ Nf8 18. gxf6 Be2 19. Nxe2 O-O-O 20. fxg7
1-0

[Event "Tournoi Skype 027A"]
[Site "Skype"]
[Date "????.??.??"]
[Round "6.33"]
[White "Salazar Ticeran, Antonio"]
[Black "Santos, Joselito"]
[Result "0-1"]
[WhiteElo "1589"]
[BlackElo "1428"]
[PlyCount "92"]

1. e4 c5 2. Nf3 Nc6 3. d4 cxd4 4. Nxd4 e5 5. Nb5 d6 6. Bc4 a6 7. N5a3 Qh4 8. c3
Qxe4+ 9. Be2 Qxg2 10. Bf3 Qg6 11. Be3 Nf6 12. Nc4 Bg4 13. Nbd2 Bxf3 14. Nxf3 d5
15. Nh4 Qh5 16. Qxh5 Nxh5 17. Ng2 dxc4 18. O-O-O Nf6 19. Bg5 Ne4 20. Rhe1 Nxg5
21. f4 Nf3 22. Re3 Nxh2 23. fxe5 Ng4 24. Rg3 Ngxe5 25. Re1 O-O-O 26. Rf1 f6 27.
Nh4 Nd3+ 28. Kc2 Rd5 29. Nf5 g6 30. Ne3 Rg5 31. Rxg5 fxg5 32. Nxc4 Nde5 33.
Nxe5 Nxe5 34. Re1 Bg7 35. b3 g4 36. c4 h5 37. a4 h4 38. Kd1 h3 39. Ke2 h2 40.
Rh1 g3 41. Kf1 Ng4 42. Kg2 Be5 43. Kf3 Nf2 44. Re1 h1=Q+ 45. Rxh1 Rxh1 46. Kg2
Rb1 0-1

[Event "Tournoi Skype 027A"]
[Site "Skype"]
[Date "????.??.??"]
[Round "6.34"]
[White "Gharbi, Said"]
[Black "Rodriguez Gonzalez, Jaime Rafael"]
[Result "0-1"]
[WhiteElo "1578"]
[BlackElo "1473"]
[PlyCount "72"]

1. e4 d5 2. e5 d4 3. Nf3 c5 4. Bc4 h6 5. O-O Bf5 6. Re1 e6 7. c3 a6 8. Qa4+ Nd7
9. Qb3 b5 10. Be2 c4 11. Qd1 d3 12. Bf1 Bc5 13. b4 cxb3 14. axb3 Qb6 15. Nd4
Bxd4 16. cxd4 Qxd4 17. Ra2 b4 18. Bb2 Qb6 19. Qf3 Rc8 20. Bxd3 Bxd3 21. Qxd3 a5
22. Bd4 Nc5 23. Qc4 Ne7 24. Rc1 Nxb3 25. Qxc8+ Nxc8 26. Bxb6 Nxc1 27. Rxa5 O-O
28. Bc5 Re8 29. Bxb4 Nd3 30. Ba3 Nb6 31. Ra6 Nc4 32. Ra7 Rc8 33. Nc3 Ndxe5 34.
Ne4 Nxa3 35. f4 Nd3 36. Rxa3 Rc1# 0-1

[Event "Tournoi Skype 027A"]
[Site "Skype"]
[Date "????.??.??"]
[Round "6.35"]
[White "Morelli, Daniel"]
[Black "Navghane, Rahul"]
[Result "0-1"]
[WhiteElo "1409"]
[BlackElo "1527"]
[PlyCount "96"]

1. e4 e5 2. Nf3 Nc6 3. Bb5 d6 4. d4 Bd7 5. d5 Nd4 6. Bxd7+ Qxd7 7. Nxd4 exd4 8.
Qxd4 Nf6 9. h3 b6 10. Nc3 O-O-O 11. Bf4 c5 12. dxc6 Qxc6 13. O-O-O Be7 14. Rhe1
Nh5 15. Bh2 Bf6 16. Qd5 Qxd5 17. Nxd5 Be5 18. Bxe5 dxe5 19. Nxb6+ axb6 20.
Rxd8+ Rxd8 21. g3 Rd4 22. Re3 g5 23. g4 Nf4 24. b3 Ng2 25. Rc3+ Kb7 26. Rf3 Nf4
27. Re3 b5 28. a3 Kb6 29. b4 f6 30. f3 Nxh3 31. Rd3 Rxd3 32. cxd3 Nf4 33. Kc2
h5 34. gxh5 Nxh5 35. Kd2 Nf4 36. Ke3 Nh3 37. d4 Ng1 38. dxe5 fxe5 39. Kf2 Nh3+
40. Kg3 Ng1 41. Kg4 Kc6 42. Kxg5 Nxf3+ 43. Kg4 Nd4 44. Kg3 Nc2 45. Kg4 Nxa3 46.
Kg5 Kd6 47. Kf5 Nc2 48. Kf6 Nxb4 0-1

[Event "Tournoi Skype 027A"]
[Site "Skype"]
[Date "????.??.??"]
[Round "6.36"]
[White "Ramirez Reina, Orlando"]
[Black "Bankhede, Shivkumar"]
[Result "1/2-1/2"]
[WhiteElo "1497"]
[BlackElo "1388"]
[PlyCount "114"]

1. e4 e5 2. Nf3 d6 3. Bc4 h6 4. d4 Nf6 5. dxe5 dxe5 6. Qxd8+ Kxd8 7. Bxf7 Nc6
8. O-O Nxe4 9. Re1 Nd6 10. Bg6 Nc4 11. b3 Nd6 12. Nxe5 Nxe5 13. Rxe5 Bd7 14.
Bb2 Be7 15. Re2 Rg8 16. Nd2 Bf6 17. Bxf6+ gxf6 18. Bd3 Bh3 19. f3 Kd7 20. Kh1
Be6 21. Rae1 Rae8 22. c4 b6 23. b4 Nf5 24. Bxf5 Bxf5 25. Rxe8 Rxe8 26. Rxe8
Kxe8 27. c5 bxc5 28. bxc5 Kd7 29. Kg1 Kc6 30. g4 Be6 31. Ne4 Bxa2 32. Kf2 Be6
33. Ke3 Kd5 34. Nxf6+ Kxc5 35. f4 Kd6 36. f5 Bf7 37. h4 a5 38. Ne4+ Ke5 39. Nc5
Be8 40. Nd3+ Kf6 41. Kf4 a4 42. g5+ hxg5+ 43. hxg5+ Ke7 44. Ke5 a3 45. f6+ Kf7
46. Nc1 Bd7 47. Na2 c5 48. Kd6 Bf5 49. Kxc5 Kg6 50. Kd6 Kxg5 51. Ke7 Bg6 52.
Nc3 Bh5 53. Ne4+ Kh6 54. Nc3 Kg5 55. Ne4+ Kh6 56. Nc3 Kg5 57. Ne4+ Kh6 1/2-1/2

[Event "Tournoi Skype 027A"]
[Site "Skype"]
[Date "????.??.??"]
[Round "6.37"]
[White "L'Herbon De Lussats, Jean"]
[Black "Escudero Ocana, Francisco"]
[Result "1-0"]
[WhiteElo "1413"]
[BlackElo "1414"]
[PlyCount "55"]

1. d4 Nf6 2. c4 d5 3. Nf3 dxc4 4. Qa4+ Nc6 5. Qxc4 Bf5 6. g3 e6 7. Bg2 Bxb1 8.
Rxb1 Bb4+ 9. Bd2 Bxd2+ 10. Nxd2 Nxd4 11. Rd1 Nf5 12. Bxb7 Nd6 13. Qc6+ Qd7 14.
Bxa8 O-O 15. Qxd7 Nxd7 16. Bg2 Rb8 17. b3 Nb5 18. Nc4 Nf6 19. O-O Nc3 20. Rd2
g6 21. Rc1 Ncd5 22. Ne5 Rb5 23. f4 Kg7 24. e4 Ne3 25. Bf3 c5 26. Kf2 c4 27.
Kxe3 cxb3 28. Rb2 1-0

[Event "Tournoi Skype 027A"]
[Site "Skype"]
[Date "????.??.??"]
[Round "7.1"]
[White "Caputi, Giuliano"]
[Black "Lopez, Jose Luis"]
[Result "1/2-1/2"]
[WhiteElo "1785"]
[BlackElo "1951"]
[PlyCount "42"]

1. e4 c5 2. Nf3 Nc6 3. d4 cxd4 4. Nxd4 Nf6 5. Nc3 g6 6. Be3 Bg7 7. Be2 O-O 8.
Qd2 d5 9. exd5 Nxd5 10. Nxd5 Qxd5 11. Bf3 Qe5 12. Nxc6 bxc6 13. c3 Be6 14. O-O
Rfd8 15. Qc1 Bd5 16. Bd4 Qc7 17. Bxd5 Rxd5 18. Bxg7 Kxg7 19. c4 Rd4 20. Rd1
Rad8 21. Rxd4 Rxd4 1/2-1/2

[Event "Tournoi Skype 027A"]
[Site "Skype"]
[Date "????.??.??"]
[Round "7.2"]
[White "Ibarra Cantu, Raul Alberto"]
[Black "Leyton Calderon, Jairo Oswaldo"]
[Result "1-0"]
[WhiteElo "1923"]
[BlackElo "1555"]
[PlyCount "89"]

1. e4 c5 2. Nf3 g6 3. c4 Bg7 4. d4 cxd4 5. Nxd4 Nf6 6. Nc3 Nc6 7. Be3 O-O 8.
Be2 d6 9. O-O Bd7 10. Qd2 Ng4 11. Bxg4 Bxg4 12. f3 Be6 13. b3 Bd7 14. Rac1 f5
15. exf5 Bxf5 16. Nxf5 Rxf5 17. Ne2 Qc7 18. Rfe1 Raf8 19. Nd4 Nxd4 20. Bxd4 b6
21. Bxg7 Kxg7 22. Qd4+ Kg8 23. Re3 R8f7 24. Rce1 Qd7 25. Re6 R5f6 26. Qd5 Rxe6
27. Rxe6 Kf8 28. Re4 Qc7 29. b4 Ke8 30. h4 e5 31. c5 bxc5 32. bxc5 Qxc5+ 33.
Qxc5 dxc5 34. Rxe5+ Kd7 35. Rxc5 Kd6 36. Rg5 Rf5 37. Rxf5 gxf5 38. Kf2 f4 39.
g4 a5 40. g5 a4 41. Kg2 Ke6 42. Kh3 Kf5 43. a3 Ke6 44. Kg4 Ke5 45. h5 1-0

[Event "Tournoi Skype 027A"]
[Site "Skype"]
[Date "????.??.??"]
[Round "7.3"]
[White "Karia, Vijay"]
[Black "Mayor Martinez, Juan Jose"]
[Result "1-0"]
[WhiteElo "1800"]
[BlackElo "1882"]
[PlyCount "57"]

1. e4 c5 2. Nc3 a6 3. f4 e6 4. Nf3 Nc6 5. g3 Qc7 6. Bg2 b5 7. O-O Bb7 8. d3 Rd8
9. a3 d6 10. Qe1 Be7 11. Ne2 Bf6 12. Rb1 Nge7 13. g4 Ng6 14. h4 h5 15. g5 Be7
16. Bh3 b4 17. Ng3 Bc8 18. f5 Nge5 19. Bf4 Nxf3+ 20. Rxf3 e5 21. Be3 f6 22. Qe2
d5 23. Rf2 dxe4 24. dxe4 Nd4 25. Qc4 bxa3 26. bxa3 Kf8 27. Ne2 Qc6 28. g6 Qxe4
29. Qf7# 1-0

[Event "Tournoi Skype 027A"]
[Site "Skype"]
[Date "????.??.??"]
[Round "7.4"]
[White "Martinez Quintero, Javier"]
[Black "Rapaire, Jean-Michel"]
[Result "0-1"]
[WhiteElo "1773"]
[BlackElo "1880"]
[PlyCount "106"]

1. d4 d5 2. c4 c6 3. e3 Nf6 4. Nd2 e6 5. Bd3 Be7 6. Ngf3 O-O 7. O-O Nbd7 8. b3
c5 9. dxc5 Nxc5 10. Bc2 b6 11. Bb2 Ba6 12. Ne5 Rc8 13. Re1 dxc4 14. Ndxc4 Bb7
15. Qe2 Qc7 16. Rac1 Qb8 17. Red1 Rfd8 18. h3 Rxd1+ 19. Rxd1 Rd8 20. b4 Nce4
21. a3 Nd6 22. Ba4 Nxc4 23. Rxd8+ Qxd8 24. Qxc4 Qd5 25. Qxd5 Bxd5 26. Nc6 Bxc6
27. Bxc6 Bd6 28. Kf1 Kf8 29. Ke2 Ng8 30. Kd3 Ne7 31. Be4 g6 32. Kc4 Bc7 33. Kb5
Nc8 34. Kc6 Bh2 35. f4 Ke7 36. Kb7 Nd6+ 37. Kxa7 Nxe4 38. Kxb6 Nd6 39. Kc5 Bg1
40. Bd4 Nf5 41. b5 Kd7 42. a4 Kc7 43. a5 Kb7 44. a6+ Ka7 45. Kc4+ Nxd4 46. exd4
Kb6 47. g4 Be3 48. f5 gxf5 49. gxf5 exf5 50. Kd3 Bg1 51. Kc4 f4 52. d5 f3 53.
d6 f2 0-1

[Event "Tournoi Skype 027A"]
[Site "Skype"]
[Date "????.??.??"]
[Round "7.5"]
[White "Grosso, Raul"]
[Black "Pena, Eduin"]
[Result "1-0"]
[WhiteElo "1851"]
[BlackElo "1833"]
[PlyCount "109"]

1. Nf3 Nf6 2. g3 d5 3. Bg2 c6 4. b3 g6 5. Bb2 Bg7 6. O-O O-O 7. d3 Be6 8. Nbd2
Qc8 9. Re1 Na6 10. c4 dxc4 11. bxc4 Rd8 12. Rb1 Bh3 13. Bh1 Nc5 14. Ba3 b6 15.
Ne5 Rd6 16. Nb3 Re6 17. Nf3 Nxb3 18. Rxb3 Qd7 19. Ng5 Re5 20. Nxh3 Qxh3 21. Bg2
Qd7 22. Bb2 Ra5 23. Qb1 Ng4 24. Bxg7 Kxg7 25. Qb2+ Nf6 26. d4 Rd8 27. Rd3 Qc8
28. Rc1 c5 29. d5 Qa6 30. a3 Ra4 31. Qc3 Kg8 32. e4 Ne8 33. e5 h5 34. f4 Ng7
35. Be4 Qc8 36. Rf3 b5 37. Qb3 Qa6 38. f5 bxc4 39. Qc3 gxf5 40. Bxf5 Rxd5 41.
Bb1 Rd4 42. Qc2 Rd3 43. Rf4 e6 44. Qf2 Rdxa3 45. Rxf7 Nf5 46. Rf6 Ra1 47. Qf4
Qb7 48. Qg5+ Ng7 49. Qg6 Rxb1 50. Rxb1 Rb4 51. Rbf1 Qe7 52. Rf7 Qxf7 53. Rxf7
Rb1+ 54. Kg2 Rb2+ 55. Kh3 1-0

[Event "Tournoi Skype 027A"]
[Site "Skype"]
[Date "????.??.??"]
[Round "7.6"]
[White "Castillo, Jesus"]
[Black "Figueroa, Tomas"]
[Result "0-1"]
[WhiteElo "1568"]
[BlackElo "2093"]
[PlyCount "60"]

1. e4 c5 2. Nf3 e6 3. d4 cxd4 4. Nxd4 Nf6 5. Nc3 Nc6 6. Bf4 Bb4 7. Ndb5 O-O 8.
Bd6 Bxd6 9. Nxd6 a6 10. Be2 b5 11. O-O Qb6 12. Kh1 Ne8 13. a3 Nd4 14. Nxe8 Rxe8
15. Bd3 d6 16. Ne2 Nxe2 17. Qxe2 Bb7 18. Rad1 Rad8 19. f4 e5 20. f5 d5 21. exd5
e4 22. Bxe4 Bxd5 23. Rxd5 Rxd5 24. Qf3 Rde5 25. Bd3 Re3 26. Qg4 Qf6 27. h4 Re1
28. Rxe1 Rxe1+ 29. Kh2 Qe5+ 30. Qg3 Rh1+ 0-1

[Event "Tournoi Skype 027A"]
[Site "Skype"]
[Date "????.??.??"]
[Round "7.7"]
[White "Benson, Paul"]
[Black "Segura Lozano, Marcos Antonio"]
[Result "1/2-1/2"]
[WhiteElo "2080"]
[BlackElo "1808"]
[PlyCount "42"]

1. e4 g6 2. d4 c6 3. g3 d5 4. Nc3 dxe4 5. Nxe4 Nd7 6. Bg2 Ngf6 7. Nxf6+ Nxf6 8.
Ne2 Qa5+ 9. c3 Bg7 10. O-O O-O 11. Qb3 Qa6 12. Re1 Be6 13. Qc2 Bf5 14. Qd1 e6
15. h3 h6 16. g4 Bd3 17. Nf4 Bc4 18. b3 Bd5 19. f3 g5 20. Nd3 Bxb3 21. Qd2 Bc4
1/2-1/2

[Event "Tournoi Skype 027A"]
[Site "Skype"]
[Date "????.??.??"]
[Round "7.8"]
[White "Montalvo, Mario"]
[Black "Prasath, Malola"]
[Result "1-0"]
[WhiteElo "1707"]
[BlackElo "2035"]
[PlyCount "37"]

1. d4 Nc6 2. Bf4 d6 3. Nc3 Nf6 4. e4 e6 5. f3 Be7 6. Bb5 Bd7 7. Qd2 a6 8. Bxc6
Bxc6 9. O-O-O b5 10. h4 Nh5 11. Bg5 Ng3 12. Rh3 Nf1 13. Rxf1 f6 14. Be3 Qb8 15.
d5 Bd7 16. dxe6 Bxe6 17. Nd5 Bf8 18. Qa5 Ra7 19. Bxa7 1-0

[Event "Tournoi Skype 027A"]
[Site "Skype"]
[Date "????.??.??"]
[Round "7.9"]
[White "Deville, Olivier"]
[Black "Bautista, Leidy"]
[Result "0-1"]
[WhiteElo "2023"]
[BlackElo "1683"]
[PlyCount "80"]

1. d4 Nf6 2. c4 d5 3. cxd5 Nxd5 4. Nf3 e6 5. e4 Nf6 6. Nc3 c5 7. d5 exd5 8.
exd5 Bd6 9. Bc4 a6 10. a4 Bg4 11. O-O O-O 12. Bg5 Nbd7 13. Qd3 Qc7 14. h3 Bh5
15. Rfe1 Rae8 16. Rac1 Bf4 17. Bxf4 Qxf4 18. Ba2 Bxf3 19. Qxf3 Qxf3 20. gxf3
Rxe1+ 21. Rxe1 Re8 22. Rxe8+ Nxe8 23. Ne4 Kf8 24. Kf1 b5 25. axb5 axb5 26. Ke2
f5 27. Nc3 Nd6 28. Ke3 Ke7 29. h4 Kf6 30. f4 g6 31. Bb3 Ke7 32. Bd1 Nf6 33. Bf3
Kd7 34. Kd3 Kc7 35. Nd1 Nde4 36. Bxe4 Nxe4 37. f3 Nf6 38. b4 cxb4 39. Kd4 Kd6
40. Ne3 b3 0-1

[Event "Tournoi Skype 027A"]
[Site "Skype"]
[Date "????.??.??"]
[Round "7.10"]
[White "Rico Hernandez, Edgar"]
[Black "Zenini, Simone"]
[Result "1/2-1/2"]
[WhiteElo "1882"]
[BlackElo "1460"]
[PlyCount "44"]

1. d4 Nf6 2. c4 e6 3. Nc3 Bb4 4. Qc2 O-O 5. a3 Bxc3+ 6. Qxc3 b6 7. Nf3 Bb7 8.
e3 d6 9. Be2 Nbd7 10. O-O c5 11. Rd1 Qc7 12. b3 Rac8 13. Bb2 d5 14. h3 Ne4 15.
Qc2 dxc4 16. bxc4 Nd6 17. Rac1 Ba6 18. Nd2 Rfd8 19. Qa4 Bb7 20. Qb3 Ne4 21. Nf3
Nef6 22. Ba1 Be4 1/2-1/2

[Event "Tournoi Skype 027A"]
[Site "Skype"]
[Date "????.??.??"]
[Round "7.11"]
[White "Ram, Madhukesh"]
[Black "Elias, Roberto"]
[Result "0-1"]
[WhiteElo "1523"]
[BlackElo "1876"]
[PlyCount "114"]

1. e4 c5 2. Nf3 Nc6 3. d4 cxd4 4. Nxd4 e5 5. Nb3 Nf6 6. Nc3 Bb4 7. f3 d5 8. a3
Bxc3+ 9. bxc3 dxe4 10. Qxd8+ Nxd8 11. Bb5+ Bd7 12. Bxd7+ Nxd7 13. fxe4 Nf6 14.
Nd2 Ne6 15. O-O Nc5 16. Nc4 Ncxe4 17. Nxe5 Nxc3 18. Re1 O-O 19. Bb2 Nce4 20.
Nd7 Nxd7 21. Rxe4 Rac8 22. Bd4 Rc4 23. Rae1 Nc5 24. Bxc5 Rxc5 25. Re7 Rxc2 26.
Rxb7 a5 27. Rb5 Ra8 28. Rxa5 Rb8 29. Rae5 Kf8 30. R5e2 Rc3 31. Ra2 Ra8 32. a4
Rc5 33. Kf2 Rca5 34. Rea1 Ke7 35. Ke3 Kd6 36. Kd4 f5 37. Ke3 g5 38. Rd1+ Ke5
39. Rd7 h5 40. Rb7 f4+ 41. Ke2 Rxa4 42. Rb5+ Kf6 43. Rb6+ Kf5 44. Rb5+ Kg4 45.
h3+ Kh4 46. Rd2 Ra2 47. Rxa2 Rxa2+ 48. Kf3 Ra3+ 49. Kf2 g4 50. hxg4 hxg4 51.
Rb8 Ra2+ 52. Kf1 Kg3 53. Rb3+ f3 54. gxf3 gxf3 55. Rb1 Rh2 56. Kg1 f2+ 57. Kf1
Rh1+ 0-1

[Event "Tournoi Skype 027A"]
[Site "Skype"]
[Date "????.??.??"]
[Round "7.12"]
[White "Diaz, Jose Garcia"]
[Black "Perez, Luis Horacio"]
[Result "1-0"]
[WhiteElo "1860"]
[BlackElo "1327"]
[PlyCount "60"]

1. e4 e5 2. Nf3 Nc6 3. a3 Nf6 4. Nc3 a6 5. Bc4 h6 6. O-O Be7 7. d4 O-O 8. dxe5
Nh7 9. Nd5 Bc5 10. b4 Ba7 11. Be3 d6 12. exd6 Qxd6 13. Bf4 Qd8 14. Bxc7 Qe8 15.
Re1 Bg4 16. Bd6 Rd8 17. Bxf8 Nxf8 18. h3 Bxf3 19. Qxf3 Ne5 20. Qb3 Qc6 21. Ne7+
Kh8 22. Nxc6 bxc6 23. Rad1 Nfd7 24. Kf1 Rf8 25. f4 f5 26. Be6 fxe4 27. Rxe4 Nf6
28. Rxe5 Nd5 29. f5 Ne3+ 30. Rxe3 Bxe3 1-0

[Event "Tournoi Skype 027A"]
[Site "Skype"]
[Date "????.??.??"]
[Round "7.13"]
[White "Lovell, Stan"]
[Black "Legueltel, Daniel"]
[Result "1/2-1/2"]
[WhiteElo "1634"]
[BlackElo "1747"]
[PlyCount "46"]

1. d4 d5 2. Nc3 c6 3. Bf4 Nf6 4. Nf3 Bf5 5. e3 e6 6. Bd3 Bxd3 7. Qxd3 Bd6 8.
Ne5 Qc7 9. h3 Nbd7 10. Nxd7 Qxd7 11. Bxd6 Qxd6 12. O-O O-O 13. e4 dxe4 14. Nxe4
Nxe4 15. Qxe4 Rad8 16. c3 Qd5 17. Qe3 Rfe8 18. Rfe1 Re7 19. b3 Red7 20. Qc1 Qd6
21. Re2 c5 22. dxc5 Qxc5 23. Qb2 Rd3 1/2-1/2

[Event "Tournoi Skype 027A"]
[Site "Skype"]
[Date "????.??.??"]
[Round "7.14"]
[White "Teles, Jeferson Lisboa"]
[Black "Hilton, Stephen"]
[Result "1/2-1/2"]
[WhiteElo "1622"]
[BlackElo "1741"]
[PlyCount "58"]

1. d4 Nf6 2. c4 c5 3. d5 e6 4. Nc3 exd5 5. cxd5 d6 6. Nf3 g6 7. Nd2 Bg7 8. Nc4
O-O 9. Bf4 Ne8 10. Ne4 b5 11. Ncxd6 Bxb2 12. Rb1 Nxd6 13. Bxd6 Qa5+ 14. Qd2
Qxd2+ 15. Nxd2 Bc3 16. Bxf8 Kxf8 17. Rxb5 Bb4 18. g3 Ba6 19. Rxb4 cxb4 20. e4
Bxf1 21. Nxf1 Nd7 22. Nd2 Rc8 23. Nb3 Rc2 24. O-O Rxa2 25. Rc1 Ne5 26. Rc8+ Ke7
27. Rb8 Nf3+ 28. Kg2 Ne1+ 29. Kf1 Nd3 1/2-1/2

[Event "Tournoi Skype 027A"]
[Site "Skype"]
[Date "????.??.??"]
[Round "7.15"]
[White "Engstrom, Olle"]
[Black "Pezzolato, Erica"]
[Result "1/2-1/2"]
[WhiteElo "1723"]
[BlackElo "1458"]
[PlyCount "46"]

1. e4 d6 2. d4 Nf6 3. Nc3 g6 4. h3 Bg7 5. Nf3 O-O 6. Be3 Nbd7 7. Qd2 c5 8. Bh6
cxd4 9. Bxg7 Kxg7 10. Qxd4 Qb6 11. Qxb6 Nxb6 12. O-O-O Bd7 13. Bd3 a6 14. Rhe1
Rfe8 15. e5 dxe5 16. Nxe5 Rac8 17. Ne4 Nxe4 18. Bxe4 Bc6 19. Nxc6 bxc6 20. Rd3
Rc7 21. Red1 e6 22. Rd8 Ree7 23. R8d6 Nd5 1/2-1/2

[Event "Tournoi Skype 027A"]
[Site "Skype"]
[Date "????.??.??"]
[Round "7.16"]
[White "Ortiz, Vladimir"]
[Black "Saponara, Jose Maria"]
[Result "1/2-1/2"]
[WhiteElo "1553"]
[BlackElo "1714"]
[PlyCount "144"]

1. d4 d5 2. Bf4 Nf6 3. e3 e6 4. Bd3 b6 5. Nd2 Bb7 6. c3 Bd6 7. Bg3 Nbd7 8. Ngf3
Ne4 9. Bxd6 cxd6 10. Bc2 Rc8 11. Nxe4 dxe4 12. Nd2 d5 13. O-O O-O 14. Rc1 Nf6
15. Kh1 Ba6 16. Re1 Qc7 17. Bb3 Bd3 18. Bc2 Bxc2 19. Rxc2 Rfd8 20. Qe2 Qd7 21.
Rec1 Rc7 22. Kg1 Rdc8 23. h3 b5 24. a3 a5 25. Nb3 a4 26. Nc5 Qc6 27. Qd1 Nd7
28. Nxd7 Qxd7 29. Qe2 h6 30. Kh1 Rc4 31. Rb1 R8c7 32. Rcc1 Qc8 33. Qd1 Qa6 34.
Kg1 Qd6 35. g3 f5 36. h4 g6 37. Kg2 Kg7 38. Qf1 e5 39. Qd1 Qe7 40. Qf1 f4 41.
Qe1 fxg3 42. fxg3 exd4 43. cxd4 Qf8 44. Rxc4 bxc4 45. Qe2 Rf7 46. Rf1 Rxf1 47.
Qxf1 Qb8 48. Qf2 Qb3 49. Qd2 h5 50. Kf2 Kf6 51. Ke1 Qb8 52. Qf2+ Ke7 53. Kf1
Qb5 54. Kg2 Qd7 55. Qc2 Kd6 56. Qd2 Qb5 57. Qf2 Ke6 58. Qd2 Qb3 59. Kf2 Kf5 60.
Kg2 Ke6 61. Kf2 Qb8 62. Qc2 Qf8+ 63. Ke1 Qf3 64. Qf2 Qxf2+ 65. Kxf2 Kf5 66. Kg1
g5 67. hxg5 Kxg5 68. Kh2 Kg4 69. Kg2 h4 70. gxh4 Kxh4 71. Kh2 Kg4 72. Kg2 Kh4
1/2-1/2

[Event "Tournoi Skype 027A"]
[Site "Skype"]
[Date "????.??.??"]
[Round "7.17"]
[White "Pouteau, Pascal"]
[Black "Khunte, Aniruddha"]
[Result "0-1"]
[WhiteElo "1454"]
[BlackElo "1652"]
[PlyCount "102"]

1. d4 Nf6 2. Bf4 g6 3. Nf3 Bg7 4. Nbd2 d6 5. e3 O-O 6. Bd3 c5 7. c3 b6 8. Qe2
Bb7 9. h4 h5 10. Bg5 cxd4 11. exd4 Nbd7 12. Bb5 Re8 13. Nc4 a6 14. Bxd7 Nxd7
15. O-O-O b5 16. Ncd2 Bd5 17. Kb1 Rc8 18. Rc1 Nb6 19. Rhe1 Be6 20. Ka1 Nc4 21.
Nxc4 bxc4 22. Nd2 Qa5 23. Qd1 Rb8 24. Rxe6 fxe6 25. Nxc4 Qb5 26. Qb3 Qxb3 27.
axb3 Rxb3 28. Nd2 Rb5 29. Kb1 Reb8 30. Rc2 Bf6 31. Bxf6 exf6 32. Ne4 f5 33.
Nxd6 Rb3 34. Nc4 Kg7 35. Nd2 R3b5 36. Nf3 a5 37. Ne5 a4 38. Nc4 f4 39. f3 Rb3
40. Ka2 Kf6 41. Re2 g5 42. hxg5+ Kxg5 43. Rxe6 a3 44. Re2 axb2 45. Rxb2 Rxb2+
46. Nxb2 Kh4 47. Kb1 Kg3 48. Kc2 Kxg2 49. Nd3 Kxf3 50. Ne5+ Kg3 51. c4 h4 0-1

[Event "Tournoi Skype 027A"]
[Site "Skype"]
[Date "????.??.??"]
[Round "7.18"]
[White "Calderon, Francisco"]
[Black "Rajpurohit, Dinesh"]
[Result "1/2-1/2"]
[WhiteElo "1683"]
[BlackElo "1613"]
[PlyCount "128"]

1. e4 e6 2. d4 d5 3. exd5 exd5 4. Nf3 Bd6 5. Bd3 Nf6 6. O-O O-O 7. c3 Be6 8. h3
Nbd7 9. Qc2 h6 10. Re1 c6 11. Be3 Rc8 12. Nbd2 c5 13. Nf1 cxd4 14. Bxd4 Bc5 15.
Bxf6 Qxf6 16. Bh7+ Kh8 17. Bd3 Bxh3 18. gxh3 Qxf3 19. Nh2 Qxh3 20. Bf5 Qh5 21.
Bxd7 Rcd8 22. Bg4 Qg5 23. Kh1 Bd6 24. Qf5 Qh4 25. Bh3 Bxh2 26. Kxh2 Rd6 27. Qg4
Qxf2+ 28. Qg2 Qh4 29. Rf1 Rg6 30. Qf3 Re8 31. Rg1 Rf6 32. Qg3 Re2+ 33. Kh1 Qe4+
34. Bg2 Rf5 35. Qxg7+ Kxg7 36. Bxe4+ Rg5 37. Rxg5+ hxg5 38. Bxd5 Rxb2 39. Re1
Kf6 40. Rf1+ Ke5 41. Bxf7 Rc2 42. Rg1 Kf4 43. Rf1+ Kg3 44. Bd5 b6 45. Rf3+ Kh4
46. Be6 g4 47. Rf4 Rxc3 48. Rxg4+ Kh5 49. Rg7 a5 50. a4 Kh6 51. Rg4 Rc5 52. Kg2
b5 53. axb5 Rxb5 54. Kf2 Rb4 55. Rg1 a4 56. Ke2 Re4+ 57. Kd3 Rxe6 58. Kc3 Rb6
59. Ra1 Rc6+ 60. Kb4 Rb6+ 61. Ka5 Rb8 62. Ra3 Kg6 63. Ka6 Rb4 64. Ka5 Rh4
1/2-1/2